000
00295nam a22001337a 4500
008
170829b xxu||||| |||| 00| 0 eng d
020
_a
9781285031477
041
_a
eng
080
_2
13TH
_a
070
100
_a
39
101
_a
MED
245
_a
LOOKING OUT, LOOKING IN
_c
ADLER,
942
_2
udc
_c
BK
999
_c
25411
_d
25411